Global Cuisine by Images - Y - Statistics

General Stats
  • This quiz has been taken 22 times
  • The average score is 2 of 16
Answer Stats
Picture Answer % Correct
Yule Log
68%
Yakitori
47%
Yorkshire Pudding
47%
Yakisoba
42%
Yamarita
5%
Yangchow Fried Rice
5%
Yassa
5%
Yema Cake
5%
Yakhnet Batata
0%
Yakhni Pulao
0%
Yaki Onigiri
0%
Yatsuhashi
0%
Yiros
0%
Yodels
0%
Yokan
0%
Yorkshire Teacakes
0%
No matching quizzes found
Score Distribution
Percent of People with Each Score
Percentile by Number Answered
Your Score History
You have not taken this quiz